Quizzes
Events
Quiz Creation
Community
Videos
Private Events
Remove Ads
Sign In
Join for FREE
Feedback
Dark Mode
Quiz Categories
Sports
Geography
Music
Movies
Television
Just For Fun
Miscellaneous
History
Literature
Language
Science
Gaming
Entertainment
Religion
Holiday
For Kids
Quiz Lab
Recent
Popular Today
Quiz Kudos Today
Editor Picks
Curator Picks
Quizzes by...
Day
Popularity
Type
Ratings
Length
Year
Community
Subscriptions
Recent Discussions
Orange Saloon
Badges
Playlists
Quests
Create
Leaderboards
Showdown
Live 5
Trivia Bingo
Activity
Puzzle Library
Sporcle Events
Private Events
Virtual Trivia
Globe League
Become a Host
Pub Owners
SporcleCon
Opinionation
Our Games
Videos
Blog
Mobile Apps
Partnerships
Remove Ads and Go Orange
Feedback
Music
Pop Music
The Beatles
Song
Album
Lyrics
Bands
Singers
Artist
Clip
Rock
Rap
Classical
Billboard
Country Music
Kpop
Taylor Swift
Music
Pop Music
The Beatles
Song
Album
Lyrics
Bands
Singers
Artist
Clip
Rock
Rap
Classical
Billboard
Country Music
Kpop
Taylor Swift
Random Quiz
Search Sporcle
×
Quiz Lab
Quiz Lab
Music
Rock
Type in answers that appear in a list
Type in answers that appear in a list
Classic
Best Score? Go Orange.
Birth Names of Rock and Metal Artists Stats
Can you name the Birth Names of Rock and Metal Artists?
By
ericwp13
10m
43 Questions
197 Plays
197 Plays
197 Plays
Comments
Comments
Give Quiz Kudos
Give Quiz Kudos
-
- Ratings
hide this ad
More Info
Random Order
Randomize order of answers
Randomize order of answers
Replay
Link that replays current quiz
Next Quiz
Link to next quiz in quiz playlist
You Got
0%
They Got
Avg Score
52%
Avg Friend Score
Upgrade to see
Score Distribution
Jump to the score distribution portion of the page
Score
0/43
Timer
10:00
0
Plays Today
Birth Name
Stage Name
% Correct
John Osbourne
Ozzy Osbourne
91.9%
David Jones
David Bowie
81.2%
Ian Kilmister
Lemmy
80.2%
John Bongiovi Jr.
Jon Bon Jovi
78.2%
Saul Hudson
Slash
76.1%
Darrell Abbott
Dimebag Darrell
75.6%
Richard Starkey
Ringo Starr
72.1%
Paul Hewson
Bono
72.1%
Vincent Furnier
Alice Cooper
66%
Vincent Wharton
Vince Neil
66%
Farrokh Bulsara
Freddie Mercury
64%
Bek Campbell
Beck
63.5%
Robert Cummings
Rob Zombie
62.9%
John Gillis
Jack White
62.9%
Ronald Padavona
Ronnie James Dio
61.9%
Declan MacManus
Elvis Costello
60.4%
Charles Holley
Buddy Holly
60.4%
Robert Zimmerman
Bob Dylan
59.9%
Gordon Sumner
Sting
58.4%
Brian Warner
Marilyn Manson
56.9%
Jeffrey Wielandt
Zakk Wylde
56.3%
Chaim Weitz
Gene Simmons
53.8%
Birth Name
Stage Name
% Correct
Steven Tallarico
Steven Tyler
52.8%
Stanley Eisen
Paul Stanley
51.8%
Bret Sychak
Bret Michaels
51.3%
Gary Weinrib
Geddy Lee
51.3%
Anthony Perry
Joe Perry
50.8%
Glenn Anzalone
Glenn Danzig
49.7%
Scott Rosenfeld
Scott Ian
48.7%
Frank Feranna Jr.
Nikki Sixx
48.7%
Joan Larkin
Joan Jett
46.2%
John Baldwin
John Paul Jones
40.6%
Christopher Boyle
Chris Cornell
39.1%
Marvin Aday
Meat Loaf
35.5%
George Criscuola
Peter Criss
34%
Michael Balzary
Flea
30.5%
Brian Carroll
Buckethead
30.5%
Edward Severson III
Eddie Vedder
25.9%
James Osterberg Jr.
Iggy Pop
23.9%
Kim Petersen
King Diamond
19.3%
Jeffry Hyman
Joey Ramone
18.3%
Eric Boucher
Jello Biafra
17.3%
Tomas Forsberg
Quorthon
11.2%
Quiz Playlist
Details
Report
Send in Message
Add To Playlist
More Info:
Please tell me if the quiz is missing some musicians or if there's not enough time
Classic:
Type in answers that appear in a list
Random Order:
Randomize order of answers
Last Updated: Feb 16, 2017
Quiz Scoreboard
CHALLENGE
Sign Up to Join the Scoreboard
Show All
Scores
Hide
Comments
May contain spoilers
Recently Published
Popular People in 1961
by mucciniale
History
6m
1-10 Letter E Words III
by El_Dandy
Language
2m
One Thing in Common: World Cities II
by knightlancer
Geography
7m
More to Explore
Quiz From the Vault
Featured Blog Post
Where Did the Easter Bunny Come From?
hide this ad
You Might Also Like...
Tags
Rock Quiz
Birth Name
Heavy Metal
metal
Musician
name
Today's Top Quizzes in Music
Browse Music
hide this ad
Today's Top Quizzes in Rock
Browse Rock
Top Contributed Quizzes in Music
1
Taylor Swift All Songs (2024)
2
2010s Album by Cover III
3
One Thing in Common: Music
4
Taylor Swift Logic Puzzle
5
Guess the Artist- 70s Songs
6
2010s Album by Cover IV
7
Guess the Taylor Swift song (Mystery Song)
8
2010s Album by Cover V
9
Lana Del Rey Discography (BTD to DYKTTATUOB)
10
2010s Album by Cover VI
Explore More
Trending Topics
Crossword
Marvel
Kpop
Harry Potter
NBA
Anime
Disney
Puzzle
The Office
NFL
Pokémon
WWE
Soccer
Country
Song
hide this ad
More By:
ericwp13
Quiz
Plays
Rating
Category
Featured
Created
Birth Names of Rock and Metal Artists
197
4.50
Music
May 29, 2012
Rucka Rucka Ali's Parodies
83
4.00
Music
Jul 17, 2011
Grammy-nominated Metal Perfomances (2005-2009)
71
Music
Jun 7, 2012
Go to Creator's Profile
Score Distribution
Quiz Creator Spotlight
ericwp13
Follow
Send a Message
Quizzes Created
-
Created Quiz Play Count
-
More By This Creator
Popular Quizzes Today
1
Find the US States - No Outlines Minefield
2
Find the Countries of Europe - No Outlines Minefield
3
The Countries of the World
4
Popular People in 1961
5
1-10 Letter E Words III
6
Find the US States
7
US States
8
One Thing in Common: World Cities II
More Music Quizzes
'Viva La Vida' Lyrics
Published
Trending Quizzes
Risky Map Clicking: Least Populous States A-Z
1-10 Letter F Words
1-10 Letter G Words
One Thing in Common: United Kingdom
Risky Map Clicking: Next State Alphabetically
Recently Updated
Leaping Animals
pecheneg
Reality TV Shows (A-Z)
bhenderson79
Rickey Henderson's Hall of Fame Teammates
pecheneg
Champions League XIs: Arsenal
pecheneg
Quick Pick: Celebrities in WWE's Hall of Fame
aduchscher
A-Z Keypad Blitz II
pecheneg
Multiple Oscar Actors
pecheneg
Mystery Phrase Blitz: Oscar 'Best Actors'
pecheneg
F. Scott Fitzgerald Novels
LTH
Pick 3 Villains
ddd62291
Trending Topics
Kpop
Anime
Marvel
Crossword
Harry Potter
NBA
Disney
NFL
Puzzle
WWE
Pokémon
Soccer
Country
The Office
Song
Your Account Isn't Verified!
In order to create a playlist on Sporcle, you need to verify the email address you used during registration. Go to your
Sporcle Settings
to finish the process.
Report this User
Report this user for behavior that violates our
Community Guidelines
.
Details:
Send Report
Go to the Sporcle.com Mobile Site →
Comments